000 00289nam a2200121Ia 4500
005 20251222144758.0
008 251222s9999||||xx |||||||||||||| ||spa||
082 _a985.07/B13G
100 _aCalmet, Lilia
245 0 _aPerú Siglo XX:
264 _bMinisterio de Educación
942 _cLIB
999 _c19594
_d19594